00000000nam##2200000za#4500
0019.565424
003CaOODSP
00520211126112843
007cr |||||||||||
008150406|2009||||xxc|||||o    f|0| 0 eng|d
022 |a1701-9397
040 |aCaOODSP|beng
043 |an-cn---
0861 |aFB3-2/109-5E-PDF
1102 |aBank of Canada.
24510|aComparison of auction formats in Canadian government auctions / |h[electronic resource]|cBy Olivier Armantier and Nourredine Lafhel.
260 |aOttawa - Ontario : |bBank of Canada |cJanuary 2009.
300 |a37p.|bgraphs, references, tables
4901 |aBank of Canada working paper|x1701-9397|v2009-5
546 |a(Résumé en français.)
590 |a09-05|b2009-01-30
7201 |aArmantier, Olivier
7201 |aLafhel, Nourredine
830#0|aWorking paper (Bank of Canada)|x1701-9397|v2009-5|w(CaOODSP)9.504604
85640|ahttp://publications.gc.ca|qPDF|s281 KB|uhttps://publications.gc.ca/collections/collection_2009/banque-bank-canada/FB3-2-109-5E.pdf|y2009-5